Managing organizations in a global economy : (Record no. 3348)

MARC details
000 -LEADER
fixed length control field 01412cam a22001814a 4500
020 ## - INTERNATIONAL STANDARD BOOK NUMBER
ISBN 0324261543 (pbk.)
050 00 - CALL NUMBER
Classification number HD62.4
Item number .Sa1
100 1# - AUTHOR
Personal name Saee, John.
245 10 - TITLE
Title Managing organizations in a global economy :
Remainder of title an intercultural perspective /
Statement of responsibility, etc John Saee.
260 ## - PUBLICATION INFORMATION
Place of publication Mason, Ohio :
Name of publisher Thomson/South-Western,
Year of publication c2005.
300 ## - DESCRIPTION
Number of Pages xviii, 297 p. ;
Dimensions 24 cm.
500 ## - NOTES
General note Includes the passcode to access the InfoTrac college edition, the online library.
505 ## - FORMATTED CONTENTS NOTE
Table of Content Chapter 1. Globalization --<br/>Chapter 2. Understanding cross-cultural management dimensions --<br/>Chapter 3. Worldview and religion --<br/>Chapter 4. Communication and culture --<br/>Chapter 5. Nonverbal communication across cultures --<br/>Chapter 6. Theoretical perspectives on intercultural communication --<br/>Chapter 7. Organizational culture --<br/>Chapter 8. Leadership across cultures --<br/>Chapter 9. Motivating across cultures --<br/>Chapter 10. Internatioal negotiation --<br/>Chapter 11. Cross-cultural conflict and conflict resolution --<br/>Chapter 12. Global business ethics --<br/>Chapter 13. International Human resource management --<br/>Chapter 14. International Project management --<br/>Chapter 15. Managerial excellence in global management: cross-cultural dimensions.
650 #0 - SUBJECTS
Topical Term International business enterprises
General subdivision Management.
650 #0 - SUBJECTS
Topical Term International business enterprises
General subdivision Cross-cultural studies.
650 #0 - SUBJECTS
Topical Term Multiculturalism.
942 ## - ADDED ENTRY ELEMENTS (KOHA)
Koha item type Books
Holdings
Withdrawn status Lost status Collection code Home library Current library Shelving location Date acquired Full call number Accession Number Koha item type
    Reference Methodist University Library Main Methodist University Library Main General Stacks 17/07/2014 HD62.4 .Sa1 39895 Books
Copyright © 2026  MUG Library